000 00481nam a2200193Ia 4500
005 20240823031605.0
008 240823s9999||||xx |||||||||||||| ||und||
020 _a978-0-07-099290-0
041 _aENGLISH
082 _A547.16 P9
100 _aErnest L Eliel
245 0 _aStereochemistry of Carbon Compounds
250 _a1st
260 _c2009
_b"Tata Mcgraw Hill,New "
500 _aTRANSFERED
650 _astereochemistry
_bChemistry
942 _cBK
999 _c191436
_d191436